00291 a2200109 4500000002500000100002500025110002500050245002700075250001900102260003000121264003000151 nam a22 7a 4500 aRathee, Bhagat Singh aRathee, Bhagat Singh aAnatomy and physiology aLatest edition bKhel Sahitya Kendrac2025 bKhel Sahitya Kendrac2025